Municipios de España que son Villanueva - Estadísticas

Estadísticas generales
  • Esta prueba ha sido intentada 32 veces
  • La puntuación promedio es 9 de 72
Estadísticas de respuestas
Provincia Municipio % Correcto
Badajoz Villanueva de la Serena
57%
Madrid Villanueva de la Cañada
40%
Córdoba Villanueva de Córdoba
37%
Ciudad Real Villanueva de los Infantes
37%
Valladolid Villanueva de los Infantes
37%
Barcelona Villanueva y Geltrú
37%
Zamora Villanueva del Campo
33%
Madrid Villanueva del Pardillo
33%
Pontevedra Villanueva de Arosa
27%
Córdoba Villanueva del Duque
27%
Córdoba Villanueva del Rey
27%
Málaga Villanueva del Trabuco
27%
Sevilla Villanueva del Ariscal
23%
Cáceres Villanueva de la Sierra
23%
Valladolid Villanueva del Duero
23%
Cuenca Villanueva de la Jara
20%
Jaén Villanueva de la Reina
20%
Guadalajara Villanueva de la Torre
20%
Sevilla Villanueva de San Juan
20%
Málaga Villanueva de Algaidas
17%
Málaga Villanueva de la Concepción
17%
Ciudad Real Villanueva de la Fuente
17%
Cáceres Villanueva de la Vera
17%
Málaga Villanueva del Rosario
17%
Ávila Villanueva de Ávila
13%
Valencia Villanueva de Castellón
13%
Jaén Villanueva del Arzobispo
13%
Salamanca Villanueva del Conde
13%
Sevilla Villanueva del Río y Minas
13%
Guadalajara Villanueva de Alcorcón
10%
Huelva Villanueva de las Cruces
10%
Murcia Villanueva del Río Segura
10%
Málaga Villanueva de Tapia
10%
Granada Villanueva Mesía
10%
Toledo Villanueva de Alcardete
7%
La Rioja Villanueva de Cameros
7%
Granada Villanueva de las Torres
7%
Barcelona Villanueva del Camino
7%
Badajoz Villanueva del Fresno
7%
Valladolid Villanueva de los Caballeros
7%
Huelva Villanueva de los Castillejos
7%
Madrid Villanueva de Perales
7%
Barcelona Villanueva de Sau
7%
Lérida Villanueva de Segriá
7%
Castellón Villanueva de Viver
7%
Navarra Villanueva de Aézcoa
3%
Navarra Villanueva de Arce
3%
Zamora Villanueva de Azoague
3%
Toledo Villanueva de Bogas
3%
Zamora Villanueva de Campeán
3%
Zaragoza Villanueva de Gállego
3%
Soria Villanueva de Gormaz
3%
Burgos Villanueva de Gumiel
3%
Zaragoza Villanueva de Jiloca
3%
Lérida Villanueva de la Barca
3%
Valladolid Villanueva de la Condesa
3%
Zamora Villanueva de las Peras
3%
Valladolid Villanueva de San Mancio
3%
Huesca Villanueva de Sigena
3%
Burgos Villanueva de Teba
3%
Navarra Villanueva de Araquil
0%
Burgos Villanueva de Argaño
0%
Guadalajara Villanueva de Argecilla
0%
Burgos Villanueva de Carazo
0%
Ávila Villanueva de Gómez
0%
Cuenca Villanueva de Guadamejud
0%
Zaragoza Villanueva de Huerva
0%
Lérida Villanueva de la Aguda
0%
Ávila Villanueva del Aceral
0%
Ávila Villanueva del Campillo
0%
Teruel Villanueva del Rebollar de la Sierra
0%
Ciudad Real Villanueva de San Carlos
0%
No se encontraron pruebas coincidentes
Distribución de puntuación
Porcentaje de gente con cada puntuación
Porcentaje por número respondido
Historial de tus puntuaciones
No has intentado esta prueba.